[Event "Holon op"]
[Site "Holon"]
[Date "1986.??.??"]
[Round "?"]
[White "Reshevsky, Samuel Herman"]
[Black "Illescas Cordoba, Miguel"]
[Result "1/2-1/2"]
[WhiteElo "2485"]
[BlackElo "2465"]

1.d4 Nf6 2.c4 c5 3.d5 a6 4.a4 e5 5.Nc3 d6 6.g3 Be7 7.Bg2 O-O 8.Nf3 Ne8 9.e4 Nd7
10.O-O g6 11.Ne1 Ng7 12.Nd3 f5 13.f4 Bf6 14.Bd2 exf4 15.Bxf4 Bd4+ 16.Kh1 Nf6
17.exf5 Bxc3 18.bxc3 Bxf5 19.Nf2 Qd7 20.Qd2 Ngh5 21.Bh6 Rfe8 22.a5 Ne4 23.Nxe4 Bxe4
24.Bxe4 Rxe4 25.Rae1 Rxe1 26.Qxe1 Re8 27.Qf2 Ng7 28.g4 Qe7 29.Kg1  1/2-1/2

[Event "Holon op"]
[Site "Holon"]
[Date "1986.??.??"]
[Round "?"]
[White "Kraidman, Yair"]
[Black "Illescas Cordoba, Miguel"]
[Result "0-1"]
[WhiteElo "2445"]
[BlackElo "2465"]

1.d4 Nf6 2.c4 c5 3.d5 e5 4.Nc3 d6 5.g3 Be7 6.Bg2 O-O 7.Nf3 Ne8 8.e4 g6 9.Bh6 Ng7
10.Qd2 Nd7 11.O-O Nf6 12.h3 Kh8 13.Rad1 Ng8 14.Bxg7+ Kxg7 15.Nxe5 dxe5 16.d6 Bg5
17.f4 Bf6 18.d7 exf4 19.dxc8=Q Rxc8 20.gxf4 Qxd2 21.Rxd2 Bxc3 22.bxc3 Rc7
23.Rfd1 Re8 24.Bf3 Ree7 25.Rd8 f6 26.a4 b6 27.a5 bxa5 28.Ra1 Red7 29.Rxd7+ Rxd7
30.Rxa5 Rc7 31.Kf2 Nh6 32.Ke3 Nf7 33.Bg4 Nd6 34.Be6 Re7 35.Bd5 Rxe4+ 36.Kf3 Re7
37.Rxc5 Nf5 38.Ra5 h5 39.c5 Re3+ 40.Kf2 Rxc3 41.Rxa7+ Kh6 42.c6 Nd4 43.Rd7 Nxc6
44.Bg8 g5 45.f5 g4 46.h4 Rf3+ 47.Kg2 Rxf5 48.Rh7+ Kg6 49.Rc7 Nd4 50.Bh7+ Kh6
51.Bxf5 Nxf5 52.Rc5 Kg6 53.Ra5 Nxh4+ 54.Kg3 Nf3 55.Kf4 Ng5 56.Kg3 Nf3 57.Kf4 Ne5
58.Ra8 h4 59.Rg8+ Kh7 60.Ra8 g3 61.Ra1 Kg6 62.Ra8 Kf7 63.Ra2 Ke6 64.Rd2 Ng6+
65.Kf3 f5 66.Ra2 Ne5+ 67.Kf4 Nd3+ 68.Kf3 Kf6 69.Ra6+ Kg5 70.Ra8 Ne1+ 71.Ke2 h3  0-1

[Event "Holon op"]
[Site "Holon"]
[Date "1986.??.??"]
[Round "?"]
[White "Illescas Cordoba, Miguel"]
[Black "Pliester, Leon"]
[Result "1-0"]
[WhiteElo "2465"]
[BlackElo "2365"]

1.d4 Nf6 2.Bg5 c6 3.Bxf6 gxf6 4.c4 d5 5.e3 Bf5 6.Nc3 e6 7.Nf3 Nd7 8.Be2 Bd6
9.Nd2 Rg8 10.g4 Bg6 11.h4 h6 12.Rg1 Kf8 13.cxd5 exd5 14.Nf3 Qe7 15.Bd3 Qe6
16.h5 Bxd3 17.Qxd3 Rxg4 18.O-O-O f5 19.Rxg4 fxg4 20.Qh7 Qf6 21.Nh4 Ke7 22.Nf5+ Ke6
23.e4 Bf4+ 24.Kc2 Nf8 25.Qg8 dxe4 26.Ng7+ Kd7 27.Nxe4 Qe7 28.Re1 Kc7 29.Nc5 Qf6
30.Ne8+ Rxe8 31.Rxe8 Bg5 32.Qxf8 Qxf2+ 33.Kb3 Qf3+ 34.Ka4 Qd1+ 35.Ka3 Qxd4
36.Qxf7+ Kb6 37.Qxb7+ Kxc5 38.Qxa7+  1-0

[Event "Holon op"]
[Site "Holon"]
[Date "1986.??.??"]
[Round "?"]
[White "Volman, Horassio"]
[Black "Illescas Cordoba, Miguel"]
[Result "1/2-1/2"]
[WhiteElo "2230"]
[BlackElo "2465"]

1.d4 Nf6 2.Nc3 d5 3.Bg5 e6 4.e4 dxe4 5.Nxe4 Be7 6.Bxf6 gxf6 7.Bc4 c6 8.Nf3 Nd7
9.Qd2 Qc7 10.O-O-O b6 11.Qh6 Bb7 12.Qg7 Rf8 13.Rhe1 b5 14.Bb3 Qf4+ 15.Kb1 h5
16.Nc5 Nxc5 17.dxc5 Qg4 18.Qh7 Rd8 19.h3 Qxg2 20.Qxh5 Bc8 21.Nd4 Rxd4 22.Rxd4 Qxf2
23.Red1 e5 24.Bxf7+ Rxf7 25.Qh8+  1/2-1/2

[Event "Holon op"]
[Site "Holon"]
[Date "1986.??.??"]
[Round "?"]
[White "Levitt, Jonathan"]
[Black "Illescas Cordoba, Miguel"]
[Result "0-1"]
[WhiteElo "2395"]
[BlackElo "2465"]

1.d4 Nf6 2.c4 c5 3.d5 a6 4.g3 b5 5.Bg2 d6 6.e4 g6 7.f4 Nfd7 8.Nc3 Bg7 9.Nge2 O-O
10.O-O Nb6 11.cxb5 axb5 12.Nxb5 Ba6 13.Nbc3 N8d7 14.Qc2 Qc7 15.Kh1 Rfb8 16.Re1 c4
17.Be3 Nc5 18.Nd4 Nd3 19.Reb1 Nd7 20.Nc6 Nb4 21.Nxb4 Rxb4 22.Rd1 Rab8 23.Rab1 Nc5
24.Bxc5 Qxc5 25.Re1 Bc8 26.h3 Qd4 27.Kh2 h5 28.a4 h4 29.gxh4 Bd7 30.Kg3 Rb3
31.Bf3 Qb6 32.Ne2 c3 33.a5 Qb5 34.a6 cxb2 35.a7 Ra8 36.Qc7 Bf6 37.Ng1 Rc3
38.Rxb2 Rxc7  0-1

[Event "Bilbao"]
[Site "Bilbao"]
[Date "1987.??.??"]
[Round "?"]
[White "Illescas Cordoba, Miguel"]
[Black "Sokolov, Andrei"]
[Result "1/2-1/2"]
[WhiteElo "2505"]
[BlackElo "2645"]

1.e4 c5 2.Nf3 e6 3.c3 d5 4.e5 d4 5.Bd3 Nc6 6.O-O g5 7.Be4 Bd7 8.d3 g4 9.Bxc6 Bxc6
10.Ng5 h5 11.Ne4 c4 12.Bg5 Qd5 13.Re1 f5 14.exf6 O-O-O 15.cxd4 cxd3 16.Nbc3 Qc4
17.Rc1 Rh7 18.f7 Ne7 19.d5 exd5 20.Nd6+ Rxd6 21.Rxe7 Bxe7 22.Bxe7 Rxf7 23.Bxd6 h4
24.b3 Qd4 25.Qd2 Kd7 26.Ba3 g3 27.Nd1 gxh2+ 28.Kxh2 h3 29.Qe3 Qxe3 30.fxe3 hxg2
31.Kxg2 d4+ 32.Kg1 Bf3 33.exd4 d2 34.Ra1 a5 35.d5 Be2 36.Nc3 d1=Q+ 37.Rxd1 Bxd1
38.Nxd1 b5 39.Ne3 b4 40.Bc1 Kd6 41.Bd2 Kc5 42.Be1 a4 43.Bf2 axb3 44.axb3 Kd4
45.d6  1/2-1/2

[Event "New York op"]
[Site "New York"]
[Date "1987.??.??"]
[Round "?"]
[White "Illescas Cordoba, Miguel"]
[Black "Kapetanovic, Armin"]
[Result "1-0"]
[WhiteElo "2505"]
[BlackElo "2415"]

1.e4 c5 2.Nf3 Nc6 3.d4 cxd4 4.Nxd4 Nf6 5.Nc3 d6 6.Be2 e6 7.O-O Be7 8.f4 O-O
9.Be3 e5 10.fxe5 dxe5 11.Nf5 Bxf5 12.Rxf5 g6 13.Rf2 Nd4 14.Qd3 Bc5 15.h3 Kg7
16.Raf1 Ng8 17.Kh2 Rc8 18.Bg4 Rc6 19.Nd5 f5 20.c3 fxg4 21.cxd4 Rxf2 22.Bxf2 Bd6
23.h4 h5 24.Bg3 Qe8 25.Qb5 Kh6 26.Nb4 Bxb4 27.Qxb4 Nf6 28.Qxb7 exd4  1-0

[Event "New York op"]
[Site "New York"]
[Date "1987.??.??"]
[Round "?"]
[White "Illescas Cordoba, Miguel"]
[Black "Zaltsman, Vitaly F"]
[Result "1/2-1/2"]
[WhiteElo "2505"]
[BlackElo "2430"]

1.e4 c5 2.Nf3 Nc6 3.d4 cxd4 4.Nxd4 Nf6 5.Nc3 d6 6.Be2 e5 7.Nf3 Be7 8.Bg5 Be6
9.O-O O-O 10.Bxf6 Bxf6 11.Nd5 Nd4 12.Nxf6+ Qxf6 13.Nxd4 exd4 14.f4 Rac8 15.b3 Bd7
16.Qd2 Bc6 17.Bd3 Rfe8 18.Rae1 Re7 19.e5 dxe5 20.fxe5 Qh4 21.g3 Qh5 22.Rf5 Qh6
23.Qxh6 gxh6 24.Rf4 Rce8 25.Rg4+ Kh8 26.Rf1 Bd5 27.Rf6 Rxe5 28.Rxh6 Be4 29.Rgh4 Kg8
30.Bxe4 Rxe4 31.Rxh7 Rxh4 32.Rxh4 Re1+ 33.Kg2 Re2+ 34.Kf3 Rxc2 35.Rg4+ Kf8
36.Rxd4 Rxa2 37.h4 a5 38.Rd3 Ra3 39.Re3 a4 40.bxa4 Rxa4 41.Rb3 Ra7 42.Kf4 Kg7
43.g4 Ra4+ 44.Kg3 Rc4 45.Rxb7  1/2-1/2

[Event "New York op"]
[Site "New York"]
[Date "1987.??.??"]
[Round "?"]
[White "Illescas Cordoba, Miguel"]
[Black "Rodriguez Vargas, Orestes"]
[Result "0-1"]
[WhiteElo "2505"]
[BlackElo "2455"]

1.e4 c5 2.Nf3 e6 3.d4 cxd4 4.Nxd4 Nc6 5.Nb5 d6 6.c4 Nf6 7.N1c3 a6 8.Nd4 Be7
9.Be2 O-O 10.O-O Bd7 11.Be3 Rc8 12.Rc1 Nxd4 13.Qxd4 Qa5 14.Qd2 Qc7 15.Rfd1 Rfd8
16.Qe1 b6 17.a4 Qb7 18.f3 Be8 19.Qf2 Rb8 20.b4 Nd7 21.Bd4 Ne5 22.b5 a5 23.f4 Nd7
24.Rd3 Qc7 25.Rh3 Bf6 26.Bxf6 Nxf6 27.Qh4 Kf8 28.Kh1 h6 29.g4 Qc5 30.g5 hxg5
31.Qh8+ Ke7 32.e5 dxe5 33.fxe5 Bc6+ 34.bxc6 Rxh8 35.exf6+ gxf6  0-1

[Event "New York op"]
[Site "New York"]
[Date "1987.??.??"]
[Round "?"]
[White "Illescas Cordoba, Miguel"]
[Black "Rachels, Stuart"]
[Result "1-0"]
[WhiteElo "2505"]
[BlackElo "2355"]

1.e4 c5 2.Nf3 d6 3.d4 cxd4 4.Nxd4 Nf6 5.Nc3 g6 6.Be3 Bg7 7.Be2 Nc6 8.O-O O-O
9.Qd2 d5 10.exd5 Nxd5 11.Nxd5 Nxd4 12.c4 e5 13.f4 Be6 14.fxe5 Nxe2+ 15.Qxe2 Bxd5
16.Rad1 Bxe5 17.Rxd5 Qc7 18.h3 Rfe8 19.b3 Rad8 20.Rxd8 Rxd8 21.Kh1 a6 22.Bg5 Rd7
23.Re1 f6 24.Bh6 Qd6 25.Rf1 Qd3 26.Rxf6 Qd1+ 27.Rf1  1-0

[Event "New York op"]
[Site "New York"]
[Date "1987.??.??"]
[Round "?"]
[White "Barua, Dibyendu"]
[Black "Illescas Cordoba, Miguel"]
[Result "1-0"]
[WhiteElo "2450"]
[BlackElo "2505"]

1.e4 c5 2.Nc3 e6 3.Nf3 Nc6 4.Bb5 Nge7 5.O-O a6 6.Bxc6 Nxc6 7.d4 cxd4 8.Nxd4 d6
9.Be3 Bd7 10.a4 Ne5 11.b3 Rc8 12.Nb1 Be7 13.c4 O-O 14.Nc3 b6 15.Rc1 Nc6 16.Qd2 Na5
17.Qa2 Qc7 18.Rfd1 Rfd8 19.f3 Qb7 20.Qf2 Rb8 21.Rb1 Nc6 22.Qg3 Bf8 23.Nde2 Ne5
24.f4 Ng6 25.Nd4 Ne7 26.Qf3 Rbc8 27.Rd3 Re8 28.e5 Qb8 29.exd6 Nc6 30.Nc2 Red8
31.Rbd1 Na5 32.Ne4 Bc6 33.Nb4 Bxe4 34.Qxe4 Qa7 35.f5 exf5 36.Qxf5 g6 37.Qe5 Re8
38.Qxa5 Rxe3 39.Qxa6 Rxd3 40.Rxd3 Qd7 41.Qxb6  1-0

[Event "New York op"]
[Site "New York"]
[Date "1987.??.??"]
[Round "?"]
[White "Bisguier, Arthur Bernard"]
[Black "Illescas Cordoba, Miguel"]
[Result "1/2-1/2"]
[WhiteElo "2420"]
[BlackElo "2505"]

1.d4 Nf6 2.c4 c5 3.e3 e6 4.Nf3 d5 5.cxd5 exd5 6.Be2 Nc6 7.O-O Bd6 8.b3 cxd4
9.Nxd4 O-O 10.Bb2 Re8 11.Nc3 a6 12.Rc1 Bb8 13.Na4 Qd6 14.g3 Bh3 15.Re1 Ne5
16.Nc5 Ne4 17.Qc2 Qg6 18.Nd3 Nxd3 19.Bxd3 Bd6 20.Bf1 Bxf1 21.Rxf1 Qh5 22.Qe2 Qh3
23.Rfd1 Rad8 24.Qf3 Be5 25.Rc2 Ng5 26.Qe2 Rd6 27.Nf3 Rh6 28.Bxe5 Rxe5 29.Rc8+ Qxc8
30.Nxe5 f6 31.Ng4 Rg6 32.f3 Qf5 33.Kg2 h5 34.Nf2 h4 35.g4 h3+ 36.Nxh3 Nxh3
37.Kxh3 Qg5 38.Qd3 Rh6+ 39.Kg2 Qh4 40.Qxd5+ Kh8 41.Qd8+  1/2-1/2

[Event "New York op"]
[Site "New York"]
[Date "1987.??.??"]
[Round "?"]
[White "Pavlovic, Milos"]
[Black "Illescas Cordoba, Miguel"]
[Result "1/2-1/2"]
[WhiteElo "2350"]
[BlackElo "2505"]

1.d4 Nf6 2.Nf3 c5 3.d5 e6 4.c4 exd5 5.cxd5 d6 6.Nc3 g6 7.Nd2 Nbd7 8.e4 Bg7
9.Be2 O-O 10.O-O Re8 11.a4 Ne5 12.Re1 Bd7 13.Ra3 a6 14.a5 Rc8 15.Nf1 c4 16.Be3 Qe7
17.f3 Kh8 18.Nd2 Ng8 19.Bd4 Qg5 20.g3 Nd3 21.Bxg7+ Kxg7 22.Bxd3 cxd3 23.f4 Qd8
24.Nf3 Rc5 25.Qxd3 Rxa5 26.Qd4+ f6 27.Rb3 Bc8 28.e5 dxe5 29.fxe5 fxe5 30.Nxe5 Nf6
31.Rf1 Qe7 32.Nc4 Rc5 33.Rb6 Rxc4 34.Qxf6+ Qxf6 35.Rbxf6 Rd4 36.Rf7+ Kh6
37.R1f4 Rxf4 38.gxf4 b5 39.d6 Be6 40.Re7 Rxe7 41.dxe7 Bd7 42.Ne4 a5 43.Kf2 a4
44.Ke3 b4 45.Nf6 Bc6 46.Kd4 a3 47.Kc5 Ba4 48.b3 a2 49.bxa4 a1=Q 50.e8=Q  1/2-1/2

[Event "Santa Catalina"]
[Site "Santa Catalina"]
[Date "1987.??.??"]
[Round "?"]
[White "Sisniega, Marcel"]
[Black "Illescas Cordoba, Miguel"]
[Result "0-1"]
[WhiteElo "2455"]
[BlackElo "2505"]

1.c4 Nf6 2.Nc3 c5 3.g3 d5 4.cxd5 Nxd5 5.Bg2 Nc7 6.Qb3 Nc6 7.Bxc6+ bxc6 8.Nf3 f6
9.d3 e5 10.Qa4 Be7 11.Qxc6+ Bd7 12.Qe4 O-O 13.Nd5 Ne6 14.Nxe7+ Qxe7 15.b3 Qd6
16.Qc4 Bc6 17.e4 Rab8 18.Be3 Bb5 19.Qc3 Bxd3 20.Nd2 Qa6 21.f3 Nd4 22.Kf2 Bxe4
23.fxe4 Qe2+ 24.Kg1 Kh8 25.Bf2 Rfd8 26.Re1 Qxe1+  0-1

[Event "Santa Catalina"]
[Site "Santa Catalina"]
[Date "1987.??.??"]
[Round "?"]
[White "Rivas Pastor, Manuel"]
[Black "Illescas Cordoba, Miguel"]
[Result "1/2-1/2"]
[WhiteElo "2440"]
[BlackElo "2505"]

1.d4 Nf6 2.c4 c5 3.e3 e6 4.Nf3 d5 5.Nc3 a6 6.a3 dxc4 7.dxc5 Qxd1+ 8.Kxd1 Bxc5
9.Bxc4 b5 10.Bd3 Bb7 11.Ke2 Nbd7 12.b4 Bd6 13.Bb2  1/2-1/2

[Event "Santa Catalina"]
[Site "Santa Catalina"]
[Date "1987.??.??"]
[Round "?"]
[White "Illescas Cordoba, Miguel"]
[Black "Garcia Padron, J."]
[Result "1-0"]
[WhiteElo "2505"]
[BlackElo "2385"]

1.e4 d6 2.d4 Nf6 3.Nc3 g6 4.Nf3 Bg7 5.Be2 O-O 6.O-O c6 7.Re1 Nbd7 8.a4 e5
9.Bf1 Qc7 10.h3 Re8 11.Be3 exd4 12.Bxd4 Ne5 13.Nd2 Nh5 14.Be3 Nd7 15.Nc4 Be5
16.Qd2 Nb6 17.Nxe5 dxe5 18.a5 Nd7 19.Red1 Nf4 20.Qd6 Qxd6 21.Rxd6 Nb8 22.Rad1 Ne6
23.Na4 Na6 24.Bxa6 bxa6 25.Rxc6 Bb7 26.Rc4 Rec8 27.Rxc8+ Rxc8 28.Nc3 Rc4
29.Rd7 Bc8 30.Rxa7 Kg7 31.f3 Nd4 32.Bxd4 exd4 33.Ne2 Rxc2 34.Nxd4 Rxb2 35.Rc7 Rb4
36.Rxc8 Rxd4 37.Rc6 Rd2 38.Rxa6 g5 39.Rc6 h5 40.a6 Ra2 41.g4 h4 42.Kf1 Ra1+
43.Ke2 Ra2+ 44.Kd3 Ra3+ 45.Kd4 Kh7 46.Kc5 Rxf3 47.a7 Rxh3 48.Kb6  1-0

[Event "Santa Catalina"]
[Site "Santa Catalina"]
[Date "1987.??.??"]
[Round "?"]
[White "Armas, Jorge"]
[Black "Illescas Cordoba, Miguel"]
[Result "0-1"]
[WhiteElo "2455"]
[BlackElo "2505"]

1.d4 Nf6 2.c4 e6 3.Nc3 c5 4.d5 exd5 5.cxd5 d6 6.e4 g6 7.f3 Bg7 8.Bg5 h6 9.Be3 O-O
10.Qd2 Re8 11.Nge2 Nbd7 12.Nc1 Nh5 13.g4 Ne5 14.Be2 Qh4+ 15.Bf2 Qf6 16.gxh5 Nxf3+
17.Bxf3 Qxf3 18.Rf1 Bxc3 19.Qxc3 Rxe4+ 20.Kd2 Qf4+  0-1

[Event "Sevilla op"]
[Site "Sevilla"]
[Date "1987.??.??"]
[Round "?"]
[White "Illescas Cordoba, Miguel"]
[Black "Domont, Alexandre"]
[Result "1-0"]
[WhiteElo "2505"]
[BlackElo "2250"]

1.e4 c5 2.Nf3 Nc6 3.d4 cxd4 4.Nxd4 Nf6 5.Nc3 e5 6.Ndb5 d6 7.Bg5 a6 8.Na3 b5
9.Bxf6 gxf6 10.Nd5 f5 11.c3 Bg7 12.exf5 Bxf5 13.Nc2 Be6 14.g3 Bxd5 15.Qxd5 Ne7
16.Qb7 Qb8 17.Qxb8+ Rxb8 18.Nb4 Rb6 19.a4 a5 20.Bxb5+ Rxb5 21.axb5 axb4 22.Ra7 Nd5
23.O-O e4 24.Rd1 bxc3 25.bxc3 Nxc3 26.b6 d5 27.b7 O-O 28.Ra8 Nxd1 29.Rxf8+ Bxf8
30.b8=Q Nc3 31.Kg2 d4 32.Qc8 h6 33.Kf1 Kg7 34.Qc4  1-0

[Event "Madrid rapid"]
[Site "Madrid"]
[Date "1988.??.??"]
[Round "3"]
[White "Illescas Cordoba, Miguel"]
[Black "Chernin, Alexander"]
[Result "0-1"]
[WhiteElo "2495"]
[BlackElo "2560"]

1.d4 d5 2.Nf3 c6 3.Bf4 Bf5 4.e3 e6 5.c4 Nd7 6.Nc3 Ngf6 7.h3 Qb6 8.Qc1 Ne4
9.Nh4 g5 10.Nxf5 gxf4 11.Nh4 fxe3 12.fxe3 Bd6 13.Nf3 Bg3+ 14.Ke2 Ndf6 15.Nd2 Nf2
16.Rg1 O-O-O 17.Qc2 Kb8 18.b4 e5 19.dxe5 d4 20.Na4 Qc7 21.Qf5 dxe3 22.Nf3 N6e4
23.Kxe3 Rhe8 24.Be2 Bxe5 25.Nxe5 Rxe5 26.Qf4 Nc3+ 27.Kxf2 Rxe2+ 28.Kg3 Re3+
29.Kg4 h5+ 30.Kg5 Rg8+ 31.Kf5 Re5+ 32.Qxe5 Rg5+ 33.Kxg5 Qxe5+ 34.Kh4 Nxa4  0-1

[Event "Madrid rapid"]
[Site "Madrid"]
[Date "1988.??.??"]
[Round "7"]
[White "Illescas Cordoba, Miguel"]
[Black "Sokolov, Andrei"]
[Result "1/2-1/2"]
[WhiteElo "2495"]
[BlackElo "2595"]

1.e4 c5 2.Nf3 e6 3.d4 cxd4 4.Nxd4 Nf6 5.Nc3 d6 6.Be2 Be7 7.O-O O-O 8.f4 a6
9.Kh1 Qc7 10.Qe1 b5 11.e5 dxe5 12.fxe5 Qxe5 13.Nb3 Qc7 14.Bf4 Bd6 15.Bxd6 Qxd6
16.Rxf6 gxf6 17.Qh4 f5 18.Qg5+ Kh8 19.Qf6+ Kg8 20.Rd1 Qf4 21.Nc5 b4 22.N3e4 Nc6
23.Rd3 Ne5 24.g3 Qc1+ 25.Rd1 Qe3 26.Qxe5 fxe4 27.Rd3 Qxe2 28.Qg5+ Kh8 29.Qf6+ Kg8  1/2-1/2

[Event "Montpellier"]
[Site "Montpellier"]
[Date "1988.??.??"]
[Round "2"]
[White "Illescas Cordoba, Miguel"]
[Black "Pira, Davoud"]
[Result "1-0"]
[WhiteElo "2495"]
[BlackElo "2330"]

1.e4 c5 2.Nf3 Nc6 3.d4 cxd4 4.Nxd4 e5 5.Nb5 d6 6.c4 Be7 7.N1c3 a6 8.Na3 Be6
9.Be2 Bg5 10.O-O Bxc1 11.Rxc1 Nd4 12.Nc2 Nxc2 13.Rxc2 Rc8 14.Rd2 Ke7 15.Qb3 Qc7
16.Rfd1 Rd8 17.f4 exf4 18.e5 Qc5+ 19.Kh1 Qxe5 20.Qxb7+ Rd7 21.Qxa6 Nf6 22.Bf3 Rhd8
23.Re2 Qf5 24.Nb5 g5 25.Nd4 Qg6 26.Bd5 Qh5 27.Bxe6 fxe6 28.Rxe6+ Kf7 29.Rf1 Ng4
30.h3 Ne5 31.Qa5 Kg8 32.Qd5 Qf7 33.Nf5 g4  1-0

[Event "Montpellier"]
[Site "Montpellier"]
[Date "1988.??.??"]
[Round "3"]
[White "Miralles, Gilles"]
[Black "Illescas Cordoba, Miguel"]
[Result "0-1"]
[WhiteElo "2430"]
[BlackElo "2495"]

1.d4 d5 2.c4 e6 3.Nf3 c5 4.e3 Nf6 5.Nc3 Nc6 6.a3 cxd4 7.exd4 Ne4 8.Be3 Nxc3
9.bxc3 Be7 10.Bd3 dxc4 11.Bxc4 O-O 12.O-O b6 13.Qd3 Bb7 14.Ba2 Rc8 15.Bb1 g6
16.Bh6 Re8 17.Re1 Bf6 18.Ba2 Bg7 19.Bg5 Qc7 20.Rac1 Qd6 21.Qe2 h6 22.Be3 Qxa3
23.Qc2 Qf8 24.c4 Red8 25.Qb2 Nb4 26.Bb1 Bxf3 27.gxf3 Nc6 28.Red1 Qe7 29.Be4 Nxd4  0-1

[Event "Montpellier"]
[Site "Montpellier"]
[Date "1988.??.??"]
[Round "4"]
[White "Illescas Cordoba, Miguel"]
[Black "Anic, Darko"]
[Result "1-0"]
[WhiteElo "2495"]
[BlackElo "2390"]

1.e4 c6 2.c4 e5 3.Nf3 d6 4.d4 Nd7 5.Nc3 Ngf6 6.Be2 Be7 7.O-O O-O 8.Re1 Qc7
9.Bf1 Re8 10.Rb1 Bf8 11.b4 a6 12.d5 cxd5 13.Nxd5 Nxd5 14.exd5 Nb6 15.Nd2 Bf5
16.Rb3 a5 17.a3 Rec8 18.Qf3 Qd7 19.c5 e4 20.Nxe4 Bxe4 21.Rxe4 dxc5 22.bxa5 Nxd5
23.Re5 Nc7 24.Qxb7 Qd1 25.Be3 Ne6 26.Rb1 Qa4 27.a6 c4 28.a7 c3 29.Rc1 Qxa3
30.Rf5 Nd8 31.Qd5 Bc5 32.Re1 Bxe3 33.Rxe3 Ne6 34.Rxf7 Nf8 35.Rxf8+ Kxf8 36.Rf3+ Ke8
37.Bb5+  1-0

[Event "Montpellier"]
[Site "Montpellier"]
[Date "1988.??.??"]
[Round "5"]
[White "Simic, Radoslav"]
[Black "Illescas Cordoba, Miguel"]
[Result "1-0"]
[WhiteElo "2515"]
[BlackElo "2495"]

1.Nf3 c5 2.g3 Nf6 3.Bg2 d5 4.O-O e6 5.c4 Be7 6.cxd5 exd5 7.d4 O-O 8.Nc3 Nc6
9.Be3 c4 10.Ne5 h6 11.h3 Qa5 12.Qc2 Nb4 13.Qd2 Be6 14.a3 Nc6 15.Nxc6 bxc6
16.Nxd5 Qd8 17.Nxe7+ Qxe7 18.Bf4 Bd5 19.f3 Rfd8 20.e4 Be6 21.g4 Qb7 22.Rf2 Nd7
23.Qa5 Nb6 24.Be3 Re8 25.Bd2 Rad8 26.Bc3 Rd7 27.f4 Red8 28.f5 Bd5 29.Re1  1-0

[Event "Montpellier"]
[Site "Montpellier"]
[Date "1988.??.??"]
[Round "8"]
[White "Illescas Cordoba, Miguel"]
[Black "Sahovic, Dragutin"]
[Result "1/2-1/2"]
[WhiteElo "2495"]
[BlackElo "2460"]

1.e4 Nc6 2.Nf3 e6 3.d4 d5 4.e5 b6 5.Be2 Nge7 6.O-O a5 7.c4 dxc4 8.Bxc4 Ba6
9.Bxa6 Rxa6 10.Nc3 Nd5 11.Qe2 Ra8 12.Qe4 Qd7 13.Re1 Bb4 14.Bd2 Nce7 15.a3 Bxc3
16.bxc3 b5 17.a4 h6 18.Reb1 c6 19.Qd3 Nc7 20.Bc1 O-O 21.Ba3 Rfb8 22.Nd2 Ned5
23.Bd6 b4 24.cxb4 Nxb4 25.Qc4 Nbd5 26.Ne4 Rxb1+ 27.Rxb1 Ne8 28.Ba3 Qc7 29.Qb3 Qa7
30.Bc5 Qa6 31.g3 Nec7 32.Nd6 Qe2 33.Kg2 h5 34.Rb2 Ne3+ 35.Qxe3 Qxb2 36.Qf3 Rf8
37.Nc4 Qc2 38.Ne3 Qxa4 39.Bxf8 Kxf8 40.Qxh5 Ne8 41.Qh8+ Ke7 42.Qh4+ Kd7 43.Qh5 Ke7
44.Qh4+ Kd7 45.Qf4 Ke7  1/2-1/2

[Event "Montpellier"]
[Site "Montpellier"]
[Date "1988.??.??"]
[Round "9"]
[White "Andruet, Gilles"]
[Black "Illescas Cordoba, Miguel"]
[Result "1-0"]
[WhiteElo "2430"]
[BlackElo "2495"]

1.d4 d5 2.Nf3 c5 3.c3 Nf6 4.Bf4 Nc6 5.e3 Qb6 6.Qb3 c4 7.Qxb6 axb6 8.Na3 Bf5
9.Nh4 Be4 10.f3 e6 11.Nxc4 dxc4 12.fxe4 e5 13.Bxe5 Nxe5 14.dxe5 Ng4 15.Bxc4 Bc5
16.Nf5 Nxe5 17.Bb5+ Kf8 18.Ke2 g6 19.Nd4 Ke7 20.Rhf1 h5 21.Rf4 Bd6 22.h3 Rhc8
23.Rf2 Rc5 24.Bd3 Re8 25.Bb5 Ra8 26.Bd3 Re8 27.Raf1 Rd8 28.Bc2 Rg8 29.Bb3 Rg7
30.Bd5 Rc7 31.Nb5 Rd7 32.Rf6 g5 33.Nd4 Rg6 34.R6f2 f6 35.Nf5+ Kd8 36.Nd4 Be7
37.Be6 Rd6 38.Bf5 Rg8 39.Ne6+ Ke8 40.Nd4 Kf7 41.Bh7 Ra8 42.a3 Nc4 43.Kd3 Ne5+
44.Kc2 Bf8 45.Bf5 Bg7 46.h4 g4 47.Bh7 Rh8 48.Bf5 Bh6 49.Be6+ Rxe6 50.Nxe6 Kxe6
51.Rxf6+ Ke7 52.Rxb6 Bxe3 53.Rxb7+ Ke6 54.Rb5 Ba7 55.Rf5 Nc4 56.Kd3 Ne3 57.Rxh5 Rd8+
58.Ke2 Nxg2 59.Rh6+ Kf7 60.Rb7+ Kg8 61.Rg6+ Kh8 62.Rxg4 Ne3 63.Rg3  1-0

[Event "Montpellier"]
[Site "Montpellier"]
[Date "1988.??.??"]
[Round "10"]
[White "Illescas Cordoba, Miguel"]
[Black "Vincent, Stephane"]
[Result "1/2-1/2"]
[WhiteElo "2495"]
[BlackElo "2270"]

1.e4 c5 2.Nf3 e6 3.c3 d5 4.e5 d4 5.Bd3 Nc6 6.O-O g5 7.Be4 g4 8.Bxc6+ bxc6
9.Ne1 h5 10.d3 Bg7 11.f4 Ne7 12.Nd2 Nf5 13.Ne4 Qb6 14.c4 Bf8 15.Nc2 Be7 16.b3 a5
17.Bd2 Bd7 18.Rb1 Qa7 19.a3 Rb8 20.Qe2 Kf8 21.Qe1 Ra8 22.b4 axb4 23.axb4 cxb4
24.Ra1 Qb8 25.Rxa8 Qxa8 26.Bxb4 Qa4 27.Bxe7+ Kxe7 28.Qf2 Qa7 29.c5 Qa2 30.Nd6 Rb8
31.Nxf5+ exf5 32.Qxd4 Rb2 33.Ne3 h4 34.Qc4 Qxc4 35.Nxc4 Rb5 36.Kf2 Be6 37.Nd2 Rxc5
38.Ke3 Rc2 39.Ra1 Bd5 40.g3 h3 41.Rf1 Ke6 42.Rf2 Ra2 43.Nb1 Ra1 44.Rb2 f6
45.exf6 Kxf6 46.Kd4 Ke6 47.Nc3 Bf3 48.Rb1 Rxb1 49.Nxb1 Kd6 50.Na3 c5+ 51.Kc3 Bc6
52.Nc2 Bd5 53.Ne3 Be6 54.d4 Bc8 55.d5 Bd7 56.Kd3 Bb5+ 57.Kd2 Bd7 58.Ke1 Kc7
59.Nc4 Bb5 60.Na3 Ba6 61.Nb1 Kd6 62.Nc3 Bc4 63.Na4 Kxd5 64.Nxc5 Kxc5 65.Kf2 Kd4
66.Kg1 Ke3 67.Kh1 Kf3 68.Kg1 Bd5 69.Kf1  1/2-1/2

[Event "Montpellier"]
[Site "Montpellier"]
[Date "1988.??.??"]
[Round "13"]
[White "Santo Roman, Marc"]
[Black "Illescas Cordoba, Miguel"]
[Result "1/2-1/2"]
[WhiteElo "2435"]
[BlackElo "2495"]

1.e4 c5 2.Nf3 e6 3.d4 cxd4 4.Nxd4 Nc6 5.Nb5 d6 6.c4 Nf6 7.N1c3 a6 8.Na3 b6
9.Be2 Bb7 10.O-O Nb8 11.Bd3 Be7 12.Kh1 Nbd7 13.Qe2 Qc7 14.f4 O-O 15.Bd2 Rac8
16.Rae1 Rfd8 17.Bb1 Bf8 18.Rf2 d5 19.cxd5 exd5 20.e5 Ne4 21.Nxe4 dxe4 22.Rc1 Qb8
23.Rxc8 Qxc8 24.Nc4 Nc5 25.b3 b5 26.Ne3 Nd3 27.Rf1 Bc5 28.Nd1 Qc6 29.Be3 Bf8
30.Nf2 a5 31.Kg1 b4 32.Rd1 Ba6 33.Qc2 Qb7 34.Nxd3 exd3 35.Qd2 Qb5 36.Rc1 a4
37.bxa4 Qxa4 38.Qb2 Qd7 39.Qd2 Qd5 40.Rd1 Qe4 41.Qf2 Qc4 42.h3 g6 43.Rc1 d2
44.Bxd2 Bc5 45.Qxc5 Qxc5+ 46.Rxc5 Rxd2 47.Bc2 Bb7 48.Bb3 Rxg2+ 49.Kf1 Rd2
50.Ke1 Rd4 51.Rc4 Rxc4 52.Bxc4 Kf8 53.Kd2 Ke7 54.Ke3 f6 55.Kd4 fxe5+ 56.Kxe5 Bf3
57.h4 Bd1 58.Bb3 Be2 59.Bd5 Bd3 60.Bb3 Bb1 61.Be6 h5 62.Bb3 Bd3 63.Be6 Bb1
64.Bd5 Bc2 65.Be6  1/2-1/2

[Event "Montpellier"]
[Site "Montpellier"]
[Date "1988.??.??"]
[Round "14"]
[White "Illescas Cordoba, Miguel"]
[Black "Hebden, Mark"]
[Result "1-0"]
[WhiteElo "2495"]
[BlackElo "2475"]

1.e4 e5 2.Nf3 Nc6 3.Bb5 a6 4.Bxc6 dxc6 5.O-O Bd6 6.d4 exd4 7.Qxd4 f6 8.c4 Qe7
9.Nc3 Be6 10.b3 Rd8 11.Qa7 Bg4 12.e5 fxe5 13.Qxb7 Nf6 14.c5 Bxc5 15.Qxc6+ Bd7
16.Qxc7 Bd6 17.Qb7 Rb8 18.Qxa6 Rc8 19.Nb5 Bc5 20.Be3 O-O 21.Bxc5 Qxc5 22.Nd6 e4
23.Nd2 Qg5 24.N2xe4 Nxe4 25.Nxe4 Qe5 26.Rfe1 Bc6 27.Rac1 Qe6 28.f3 Kh8 29.Rc4 Qd7
30.Rec1 Qd3 31.Qb6 Bd7 32.Rxc8 Bxc8 33.Qc5  1-0

[Event "Thessaloniki ol (Men)"]
[Site "Thessaloniki"]
[Date "1988.??.??"]
[Round "4"]
[White "Illescas Cordoba, Miguel"]
[Black "Portisch, Lajos"]
[Result "0-1"]
[WhiteElo "2510"]
[BlackElo "2630"]

1.Nf3 Nf6 2.c4 c5 3.e3 g6 4.d4 Bg7 5.Nc3 O-O 6.Be2 cxd4 7.exd4 d5 8.O-O Nc6
9.Re1 Be6 10.Ng5 Bf5 11.Be3 dxc4 12.Bxc4 Na5 13.Be2 Nd5 14.Nxd5 Qxd5 15.Qa4 Bd7
16.Qb4 Nc6 17.Qxb7 Rab8 18.Qc7 Rxb2 19.Bf3 Qd6 20.Qxd6 exd6 21.Red1 Ne7 22.Bc1 Rb6
23.Be4 Ba4 24.Rd2 d5 25.Ba3 Bf6  0-1

[Event "Thessaloniki ol (Men)"]
[Site "Thessaloniki"]
[Date "1988.??.??"]
[Round "6"]
[White "Illescas Cordoba, Miguel"]
[Black "Santa Torres, Juan"]
[Result "1-0"]
[WhiteElo "2510"]
[BlackElo "2245"]

1.Nf3 Nf6 2.c4 e6 3.Nc3 d5 4.d4 Be7 5.Bg5 h6 6.Bh4 O-O 7.e3 b6 8.Rc1 Bb7
9.cxd5 exd5 10.Bb5 a6 11.Ba4 Nbd7 12.O-O c5 13.Bxd7 Nxd7 14.Bxe7 Qxe7 15.dxc5 Qxc5
16.Qa4 Qd6 17.Rfd1 Nc5 18.Qa3 Rfd8 19.Na4 Rac8 20.Nd4 Nxa4 21.Rxc8 Bxc8 22.Qxa4 b5
23.Qa5 Be6 24.Rc1 Rc8 25.Rxc8+ Bxc8 26.Qc3 Bd7 27.b4 h5 28.h3 Qg6 29.Qc2 Qd6
30.a3 h4 31.Nf3 Qf6 32.Qd1 Be6 33.Qd4 Qg6 34.Qxh4 Qb1+ 35.Kh2 Qb2 36.Ng5 Qxa3
37.Qf4 g6 38.Qb8+ Kg7 39.Qe5+ Kg8 40.Nxe6 fxe6 41.Qxe6+ Kg7 42.Qe7+ Kg8 43.h4 Qc3
44.g4 Qc4 45.Kg3 Qf1 46.Qd8+ Kg7 47.Qd7+ Kf8 48.Qxd5 Qg1+ 49.Qg2 Qa1 50.Qa8+ Kf7
51.Qd5+ Ke7 52.Qg5+ Kf7 53.Kf4 Qb1 54.Qd5+ Kg7 55.Qd7+ Kf8 56.Qd6+ Kf7 57.Kg5  1-0